000
00308nam a22001217a 4500
999
_c
161623
_d
161623
082
_a
_b
100
_a
Nikunja Vihari Banerjee
245
_a
Glimpses of Indian wisdom/
_c
by Nikunja Vihari Banerjee.
260
_a
New Delhi:
_b
Munshiram Manoharlal,
_c
1972.
300
_a
100p.
650
_a
942
_c
BK